B the Quiz Stats

Quiz Updated Nov 9, 2016

Also try: SPORCLE Word Chain
Challenge
Share
Tweet
Embed
Score 0/22 Timer 05:00
6 Plays Today
Clue Name or Phrase % Correct
Outlaw William H. BonneyBilly The Kid
89%
Done strictly according to written instructionsBy The Book
80.6%
Illegal blow in boxingBelow The Belt
79.8%
When asked 'Can we fix it?',
he replies 'Yes we can!'
Bob The Builder
76.8%
Events that take place out of public viewBehind The Scenes
71.6%
Wins more money than the casino can payBreaks The Bank
71.6%
To patch up old grievances
(NOT with an axe to the head!)
Bury The Hatchet
68.4%
Offhanded beginning to
a new conversation topic
By The Way
66.9%
Dies, as in a Queen songBites The Dust
56.8%
Starts a conversation with a strangerBreaks The Ice
55.7%
To expose your employer's wrongdoing to a regulatory agencyBlow The Whistle
54.9%
Clue Name or Phrase % Correct
Caddyshack advice from Chevy ChaseBe The Ball
52%
To do something unpleasant but necessaryBite The Bullet
49%
Old time game show involving timed stuntsBeat The Clock
43.5%
Old-fashioned; refusing to changeBehind The Times
36.8%
In a bad situation
(derived from pool terminology)
Behind The Eightball
32.5%
Popular 1960s Childrens' TV hostBozo the Clown
27.6%
Bobby Darin hit song or
Kevin Spacey's 2004 biopic of Darin
Beyond The Sea
25.6%
Fairy Tale author in 'The Deathly Hallows'Beedle The Bard
21%
Patti Smith hit penned by SpringsteenBecause The Night
15.9%
Ack! Bloom County and Outland felineBill The Cat
15.4%
Logical fallacy whereby unproven points
are presented as facts
Begging The Question
13.8%

You're not logged in!

Compare scores with friends on all Sporcle quizzes.
Sign Up with Email
OR
Log In

You Might Also Like...

Show Comments

Extras

Top Quizzes Today


Score Distribution

Your Account Isn't Verified!

In order to create a playlist on Sporcle, you need to verify the email address you used during registration. Go to your Sporcle Settings to finish the process.